| 000 | 01566nam a22003977a 4500 | ||
|---|---|---|---|
| 001 | 0054623 | ||
| 003 | KOHA_MİRAKIL | ||
| 005 | 20260207003951.0 | ||
| 007 | ta | ||
| 008 | 160111b2015 tu a|||gr||||#||||0|tur | | ||
| 020 | _a9786059221009 | ||
| 040 |
_aTR-BiSEU _btur _cTR-BiSEU _erda |
||
| 041 | 0 | _atur | |
| 044 | _ctu | ||
| 050 |
_aJZ1318 _b.K87 2015 |
||
| 240 | 1 | 0 |
_aThe polar age from a global perspective : conflicts, cooperations and national in interests _lTürkçe |
| 245 | 0 |
_aKüresel bakışla kutup çağı : _bçatışmalar, işbirlikleri ve ulusal çıkarlar = _bThe polar age from a global perspective : _bconflicts, cooperations and national in interests/ _cEditörler Harun Gümrükçü, Natalia Shulgina Şanlı, Selçuk Demirkılınç, Aybüke İnan, Tamer İlbuğa. |
|
| 264 | 1 |
_aAnkara : _bSiyasal Kitabevi _c2015 |
|
| 300 |
_aXIV, 249 sayfa : _bresimli, harita ; _c24 cm. |
||
| 336 |
_ametin _btxt _2rdacontent |
||
| 337 |
_aaracısız _bn _2rdamedia |
||
| 338 |
_acilt _bnc _2rdacarrier |
||
| 490 | 1 |
_a Küresel Bakışla Kutup Çağı dizisi ; _v1. |
|
| 490 | 1 | _a | |
| 500 | _aKaynakça var. | ||
| 650 | 0 |
_aKutup Çağı. _9101438 |
|
| 650 | 0 |
_aGlobalisation. _9101439 |
|
| 650 | 0 |
_aKüreselleşme--Siyasal yönler. _990693 |
|
| 650 | 0 |
_aKüreselleşme--Siyasal yönler. _990693 |
|
| 650 | 0 |
_aGlobalization. _98441 |
|
| 650 | 0 |
_aInternational cooperation. _912200 |
|
| 650 | 0 |
_aGlobalization--Political aspects. _99496 |
|
| 830 | 1 |
_a Küresel Bakışla Kutup Çağı dizisi ; _v1. _9101440 |
|
| 830 | 1 |
_a _91620 |
|
| 942 |
_2lcc _cBK |
||
| 999 |
_c54431 _d54431 |
||